000
00299nam a22001337a 4500
008
170602b xxu||||| |||| 00| 0 eng d
020
_a
0465013961
041
_a
eng
080
_a
93
100
_a
17
101
_a
SHH
245
_a
THE CONSERVATIVE ECONOMIC WORLD VIEW
_c
WARD, B
942
_2
udc
_c
BK
999
_c
15752
_d
15752